Quaternary sea-level changes : (Record no. 15494)

MARC details
000 -LEADER
fixed length control field 01710 a2200229 4500
001 - CONTROL NUMBER
control field TB12846
003 - CONTROL NUMBER IDENTIFIER
control field IN-BhIIT
005 - DATE AND TIME OF LATEST TRANSACTION
control field 20260515095753.0
008 - FIXED-LENGTH DATA ELEMENTS--GENERAL INFORMATION
fixed length control field 260429b |||||||| |||| 00| 0 eng d
020 ## - INTERNATIONAL STANDARD BOOK NUMBER
ISBN 9781108445856 (pbk.)
040 ## - CATALOGING SOURCE
Original cataloging agency IN-BhIIT
041 ## - LANGUAGE CODE
Language code of text eng
082 ## - DEWEY DECIMAL CLASSIFICATION NUMBER
Classification number 551.45
Book number MUR/Q
100 ## - MAIN ENTRY--AUTHOR NAME
Personal name Murray-Wallace, Colin V.
Relator term Author
245 ## - TITLE STATEMENT
Title Quaternary sea-level changes :
Sub Title a global perspective /
Statement of responsibility, etc Colin V. Murray-Wallace and Colin D. Woodroffe
260 ## - PUBLICATION, DISTRIBUTION, ETC. (IMPRINT)
Place of publication New York :
Name of publisher Cambridge University Press,
Year of publication 2018.
300 ## - PHYSICAL DESCRIPTION
Number of Pages xviii, 484 p. :
Other physical details(ill.) ill. ;
Dimensions(size) 23 cm.
504 ## - BIBLIOGRAPHY, ETC. NOTE
Bibliography, etc Includes bibliographical references and index.
520 ## - SUMMARY, ETC.
Summary, etc There have been significant changes in sea level over the past two million years, and a complete understanding of natural cycles of change as well as anthropogenic effects is imperative for future global development. This book reviews the history of research into these sea-level changes and summarises the methods and analytical approaches used to interpret evidence for sea-level changes. It provides an overview of changing climates during the Quaternary, examines processes responsible for global variability of sea-level records, and presents detailed reviews of sea-level changes for the Pleistocene and Holocene. The book concludes by discussing current trends in sea levels and likely future sea-level changes. This is an important and authoritative resource for academic researchers and graduate and advanced undergraduate students working in tectonics, stratigraphy, geomorphology, physical geography, environmental science and other aspects of Quaternary studies.
700 ## - ADDED ENTRY--PERSONAL NAME
Personal name Woodroffe, Colin D.
Relator term Joint Author
942 ## - ADDED ENTRY ELEMENTS (KOHA)
Koha item type Text Book
Holdings
Withdrawn status Lost status Damaged status Not for loan Collection code Home library Current library Date acquired Source of acquisition Cost, normal purchase price Full call number Accession Number Cost, replacement price Price effective from Koha item type
Not withdrawn Not Lost not damaged   SEOCS Central Library, IIT Bhubaneswar Central Library, IIT Bhubaneswar 21/03/2026 49 4875.86 551.45 MUR/Q TB12847 6679.26 21/03/2026 Text Book
Not withdrawn Not Lost not damaged   SEOCS Central Library, IIT Bhubaneswar Central Library, IIT Bhubaneswar 21/03/2026 49 4875.86 551.45 MUR/Q TB12846 6679.26 21/03/2026 Course Reserve
Not withdrawn Not Lost not damaged   SEOCS Central Library, IIT Bhubaneswar Central Library, IIT Bhubaneswar 21/03/2026 49 4875.86 551.45 MUR/Q TB12848 6679.26 21/03/2026 Text Book

Central Library, Indian Institute of Technology Bhubaneswar, 4th Floor, Administrative Building, Argul, Khordha, PIN-752050, Odisha, India
Phone: +91-674-7138750 | Email: circulation.library@iitbbs.ac.in (For circulation related queries),
Email: info.library@iitbbs.ac.in (For other queries)